Statistiques concernant Villes de France les plus au Sud

Cliquez ici pour prendre le quiz!

Statistiques générales

  • Ce quiz a été pris 1 850 fois
    (1 110 depuis la dernière actualisation)
  • Le résultat moyen est 11 sur 20

Statistiques - réponses

LatitudeVille% Correct
43°17Marseille
96%
43°41Nice
94%
43°36'16Toulouse
85%
43°36'43Montpellier
79%
44°50Bordeaux
76%
42°41Perpignan
75%
43°07Toulon
74%
45°45Lyon
72%
43°50Nimes
57%
45°46Clermont Ferrand
52%
45°26Saint Etienne
51%
45°11Grenoble
50%
43°31Aix
41%
45°51Limoges
34%
47°13Nantes
34%
47°23Tours
33%
47°19Dijon
31%
47°28Angers
25%
45°46Villeurbanne
17%
47°14Besancon
13%

Distribution des résultats

Percentile par nombre de réponses

% des personnes avec chaque résultat

Votre développement - résultats

Vous n’avez pas pris ce quiz depuis la dernière actualisation